000
00333nam a2200133Ia 4500
008
191201s2012 xx 000 0 und d
100
_a
STALLINGS, William
245
0
_a
ISDN and Broadband ISDN with Frame Relay and ATM
250
_a
17 Imp
260
_c
2012
_b
Pearson
_a
New Delhi
300
_a
553
650
_a
IT
942
_2
ddc
_c
BB
999
_c
7582
_d
7582